000 00633nam a22002177a 4500
003 UA-OsUOA
001 117427
007 ta
008 20160523b un ||||| |||| 00| 0 ukr d
100 _aВеклич О.О.
090 _a330(477)
_bВ26
942 _cSA
040 _aUA-OsUOA
_bukr
_cUA-OsUOA
_dUA-OsUOA
245 _aПерші підсумки фінансово-бюджетної децентралізації екологічного оподаткування
300 _aС.60-75
955 _a0
041 _aukr
080 _a330(477)
773 0 _w117424
650 7 _a330 Економіка взагалі
_2UDC
999 _c403456
_d403456